000 00611nam a22001577a 4500
005 20260702132143.0
020 _a9781962280785
082 _a658.409BAS
100 _aBassford, Jon.
245 _aThe Curious Leader:
_bUnlocking Innovation, Empowering Teams, and Driving Change
260 _aWyoming
_bReflek
_c2025
300 _axviii, 220p.
520 _aThe Curious Leader shows how curiosity becomes a practical leadership advantage — one that helps leaders think more clearly, strengthen execution, and build cultures that support innovation, growth, and change.
650 _aLeadership.
942 _cBK
999 _c11533
_d11533